<?xml version="1.0" encoding="UTF-8"?><?xml-stylesheet type="text/xsl" href="static/style.xsl"?><OAI-PMH xmlns="http://www.openarchives.org/OAI/2.0/" xmlns:xsi="http://www.w3.org/2001/XMLSchema-instance" xsi:schemaLocation="http://www.openarchives.org/OAI/2.0/ http://www.openarchives.org/OAI/2.0/OAI-PMH.xsd"><responseDate>2026-04-17T22:51:43Z</responseDate><request verb="GetRecord" identifier="oai:www.recercat.cat:2117/111954" metadataPrefix="marc">https://recercat.cat/oai/request</request><GetRecord><record><header><identifier>oai:recercat.cat:2117/111954</identifier><datestamp>2025-07-23T00:31:31Z</datestamp><setSpec>com_2072_1033</setSpec><setSpec>col_2072_452951</setSpec></header><metadata><record xmlns="http://www.loc.gov/MARC21/slim" xmlns:dcterms="http://purl.org/dc/terms/" xmlns:xsi="http://www.w3.org/2001/XMLSchema-instance" xmlns:doc="http://www.lyncode.com/xoai" xsi:schemaLocation="http://www.loc.gov/MARC21/slim http://www.loc.gov/standards/marcxml/schema/MARC21slim.xsd">
   <leader>00925njm 22002777a 4500</leader>
   <datafield ind2=" " ind1=" " tag="042">
      <subfield code="a">dc</subfield>
   </datafield>
   <datafield ind2=" " ind1=" " tag="720">
      <subfield code="a">Soto Irineo, Kassandra</subfield>
      <subfield code="e">author</subfield>
   </datafield>
   <datafield ind2=" " ind1=" " tag="260">
      <subfield code="c">2017-10</subfield>
   </datafield>
   <datafield ind2=" " ind1=" " tag="520">
      <subfield code="a">Màster universitari en Estudis Avançats en Arquitectura: Gestió i Valoració Urbana i Arquitectònica</subfield>
   </datafield>
   <datafield ind2=" " ind1=" " tag="520">
      <subfield code="a">Los instrumentos de captura de plusvalías han cobrado en los últimos años, gran popularidad en los países Latinoamericanos como una medida para enfrentar problemas endémicos que afectan a las grandes ciudades de la región como: el explosivo crecimiento urbano, la segregación urbana, la creciente desigualdad económica, la falta de servicios públicos y transporte público, la falta de acceso al suelo y la vivienda, y la ocupación irregular del suelo. Impulsada por la necesidad de densificación y de “renovación urbana” de la ciudad, el municipio de Guadalajara Jalisco, es unas de las ciudades mexicanas que forman parte de esta tendencia. Para hacer frente a estas transformaciones urbanas, en los últimos 15 años de la ciudad ha resurgido un interés en los gobiernos municipales por la instrumentación de mecanismos de captura de plusvalía. Sin embargo, su efectividad está en entredicho y hace falta, por tanto, análisis empíricos que registren su cómo ha sido su diseño e implementación.&#xd;
Para centrar este análisis, haremos un estudio a profundidad de la evolución de 3 instrumentos de captura de plusvalía en el municipio Guadalajara. Basamos el análisis en el estudio del diseño e implementación de las Contribuciones Especiales por Obra Pública, las Contribuciones Especiales por Incremento del Coeficiente de Utilización del Suelo y las Trasferencias de Derechos de Desarrollo. El propósito es identificar los principales problemas de su diseño e implementación. Para situar los alcances de estos instrumentos revisamos algunas experiencias internacionales en el contexto de las ciudades latinoamericanas. Para acercarnos a una visión lo más cercana posible a la realidad sustentamos el análisis en entrevistas a profundidad semiestructuradas con actores que han participado en su diseño e implementación. Finalmente hacemos una serie de recomendaciones que podrían ser útiles para mejorar su diseño y potenciar su efectividad.</subfield>
   </datafield>
   <datafield tag="653" ind2=" " ind1=" ">
      <subfield code="a">Àrees temàtiques de la UPC::Urbanisme</subfield>
   </datafield>
   <datafield tag="653" ind2=" " ind1=" ">
      <subfield code="a">Real property -- Valuation -- Mexico -- Guadalajara</subfield>
   </datafield>
   <datafield tag="653" ind2=" " ind1=" ">
      <subfield code="a">Urban policy -- Mexico -- Guadalajara</subfield>
   </datafield>
   <datafield tag="653" ind2=" " ind1=" ">
      <subfield code="a">Béns immobles -- Valoració -- Mèxic -- Guadalajara</subfield>
   </datafield>
   <datafield tag="653" ind2=" " ind1=" ">
      <subfield code="a">Política urbana -- Mèxic -- Guadalajara</subfield>
   </datafield>
   <datafield ind2="0" ind1="0" tag="245">
      <subfield code="a">Instrumentos de captura de plusvalía del suelo urbano en el municipio de Guadalajara, México</subfield>
   </datafield>
</record></metadata></record></GetRecord></OAI-PMH>